000 00399 a2200145 4500
005 20250625133458.0
020 _a0-471-66562-2
082 _aLM 620.1 PAR
100 _aPARKER, H.
245 _aSimplified Mechanics and Strength of Materials
250 _a3rd Ed.
260 _aNew York
_bA Wiley=Interscience Publication
_c1977
300 _axv,325p.: ill.; tables,
_bIndex
_c22cm.
942 _2ddc
_cBKS
999 _c1973
_d1973